000
00271nam a2200109 4500
008
150204b xxu||||| |||| 00| 0 eng d
245
_a
Churchwoman
260
_a
New York
_b
Church Women United
_c
1994-
300
_a
pg 23
650
_2
Christian women
942
_2
lcc
_c
PER
_s
1
999
_c
44154
_d
44154